000 004200000a22001690004500
003 MACL
005 20160108121109.0
008 160108b xxu||||| |||| 00| 0 eng d
040 _aMACL
_cMACL
041 _aEnglish
082 _a823/OPP
100 _aOppenheim, E Phillips
_929505
245 _aA Daughter of The Marionis
260 _bWard Lock & Co Ltd
_aLondon
650 _aNovel
_9153
942 _cBK
_k823/OPP
_2ddc
999 _c38458
_d38458